| 000 | 01131nam a2200253Ia 4500 | ||
|---|---|---|---|
| 001 | 242.1-FOU ch so (13901) | ||
| 003 | IT-MiSPE | ||
| 008 | 171229s9999||||xx |||||||||||||| ||und|| | ||
| 040 |
_aIT-MiSPE _cIT-MiSPE |
||
| 041 | _aITALIANO | ||
| 100 | _aCharles de Foucauld | ||
| 245 | 0 |
_aSolo con Dio in compagnia dei fratelli _bItinerario spirituale dagli scritti |
|
| 250 | _a1a ed. (v) | ||
| 260 |
_aMilano _bPaoline _c2002 |
||
| 300 |
_a443 p. _c20 cm |
||
| 490 |
_aLetture cristiane del II millennio _v30 |
||
| 501 | _aEdizioni San Paolo srl - Piazza Soncino, 5 - 20092 CINISELLO BALSAMO (MI) (non commercial uses only) ® Copyright 2018 | ||
| 520 | _aEzio Bolis (intr. e note) | ||
| 700 | _aEzio Bolis | ||
| 700 |
_aLaura Passerone _g(traduzione) |
||
| 942 | _cBK | ||
| 957 | _71 | ||
| 999 |
_a277 _bNO _g Copie: 1 _c342045 _d342045 |
||